Métodos gráficos de investigación de las constantes ópticas de los minerales petrográficos / por Jaime Marcet Riba
Descripción Física:
98 p. ; 22 cm
Materias:
Mineralogia
MARC
| LEADER | 00000nam a2200000Ia 4500 | ||
|---|---|---|---|
| 001 | 905 | ||
| 008 | 160829s1930 xx 000 0 cat d | ||
| 710 | 1 | |a Barcelona (Catalunya : Província). |b Diputació |9 52408 | |
| 952 | |0 0 |1 0 |4 0 |6 C2125 |7 1 |9 41598 |a Arxiu |b Arxiu |d 2016-12-01 |l 0 |o C-2-125 |p 905 |r 2016-12-01 00:00:00 |w 2016-12-01 |y ARXIU | ||
| 999 | |c 43488 |d 43488 | ||
| 080 | |a C-2-125 | ||
| 100 | |a Marcet i Riba, Jaume |9 20591 | ||
| 245 | |a Métodos gráficos de investigación de las constantes ópticas de los minerales petrográficos / por Jaime Marcet Riba | ||
| 260 | |a Barcelona : |b (Imp. de la Casa Provincial de Caridad), |c 1930 | ||
| 300 | |a 98 p. ; |c 22 cm | ||
| 490 | |a Publicaciones del Instituto Geológico-Topográfico ; IV | ||
| 650 | |a Mineralogia |9 30905 | ||
| 901 | |a Arxiu | ||
| 942 | |n 1 |2 udc | ||